| 000 | 00678nam a2200205Ia 4500 | ||
|---|---|---|---|
| 003 | GCL | ||
| 008 | 140319s9999 xx 000 0 ara d | ||
| 040 |
_aGCL / _cGCL |
||
| 082 | 0 | 4 |
_a810.9 _bم ق |
| 100 | 1 | _aمحمد زكى العشماوى | |
| 245 | 1 | 0 |
_aقضايا النقد الادبى بين القديم والحديث / _cمحمد زكى العشماوى |
| 260 |
_aالقاهرة : _bدار المعرفة الجامعية ، _c1990 |
||
| 300 |
_a406 ص ؛ _c25سم |
||
| 490 | _a | ||
| 650 | 0 | 4 | _aالادب العربى |
| 650 | 0 | 4 | _aالنقد |
| 650 | 0 | 4 | _aتاريخ ونقد |
| 650 | 0 | 4 | _aالادب العربى - تاريخ ونقد |
| 942 |
_2ddc _cBK |
||
| 999 |
_c53214 _d53214 |
||